Normal view MARC view

Entry Topical Term

Number of records used in: 1

001 - CONTROL NUMBER

  • control field: 16403

003 - CONTROL NUMBER IDENTIFIER

  • control field: OSt

005 - DATE AND TIME OF LATEST TRANSACTION

  • control field: 20211105134033.0

008 - FIXED-LENGTH DATA ELEMENTS

  • fixed length control field: 211105|| aca||aabn | a|a d

040 ## - CATALOGING SOURCE

  • Original cataloging agency: OSt
  • Transcribing agency: OSt

150 ## - HEADING--TOPICAL TERM

  • Topical term or geographic name entry element: Radio continuum

670 ## - SOURCE DATA FOUND

  • Source citation: Work cat.: (OSt): Workshop on Radio Continuum Processes in Clusters of Galaxies 16th National Radio Astronomy Observatory Green Bank, West Virginia, USA 1986 Aug. 4-8 16402, Radio continuum processes in clusters of galaxies, 1986

Powered by Koha